| 000 | 02061nam a2200469 i 4500 | ||
|---|---|---|---|
| 001 | ebr11033531 | ||
| 003 | CaPaEBR | ||
| 006 | m o d | ||
| 007 | cr cn||||||||| | ||
| 008 | 150327t20142014sz ab ob 001 0 eng d | ||
| 020 | _z9783905758269 | ||
| 020 | _a9783905758504 (e-book) | ||
| 040 |
_aCaPaEBR _beng _erda _epn _cCaPaEBR |
||
| 043 | _af-sx--- | ||
| 050 | 1 | 4 |
_aDT1638 _b.A339 2014eb |
| 082 | 0 | 4 |
_a968.803 _223 |
| 100 | 1 |
_aAkawa, Martha, _eauthor. |
|
| 245 | 1 | 4 |
_aThe gender politics of the Namibian liberation struggle / _cMartha Akawa ; preface by Bience Gawanas. |
| 264 | 1 |
_aBasel, Switzerland : _bBasler Afrika Bibliographien, _c2014. |
|
| 264 | 4 | _c�2014 | |
| 300 |
_a1 online resource (248 pages) : _billustrations, maps. |
||
| 336 |
_atext _2rdacontent |
||
| 337 |
_acomputer _2rdamedia |
||
| 338 |
_aonline resource _2rdacarrier |
||
| 490 | 1 |
_aBasel Namibia Studies Series, _x2234-9561 ; _v13 |
|
| 504 | _aIncludes bibliographical references and index. | ||
| 588 | _aDescription based on print version record. | ||
| 590 | _aElectronic reproduction. Palo Alto, Calif. : ebrary, 2015. Available via World Wide Web. Access may be limited to ebrary affiliated libraries. | ||
| 610 | 2 | 0 | _aSWAPO. |
| 650 | 0 |
_aNational liberation movements _zNamibia. |
|
| 650 | 0 | _aSex role. | |
| 650 | 0 |
_aEquality _zNamibia. |
|
| 650 | 0 |
_aWomen refugees _zNamibia. |
|
| 651 | 0 |
_aNamibia _xPolitics and government _y1946-1990. |
|
| 651 | 0 |
_aNamibia _xPolitics and government _y1990- |
|
| 655 | 0 | _aElectronic books. | |
| 700 | 1 |
_aGawanas, Bience, _eauthor of introduction, etc. |
|
| 776 | 0 | 8 |
_iPrint version: _aAkawa, Martha. _tGender politics of the Namibian liberation struggle. _dBasel, Switzerland : Basler Afrika Bibliographien, c2014 _hxvi, 230 pages _kBasel Namibia studies series ; 13. _x2234-9561 _z9783905758269 _w2014476324 |
| 797 | 2 | _aebrary. | |
| 830 | 0 |
_aBasel Namibia studies series ; _v13. |
|
| 856 | 4 | 0 |
_uhttp://site.ebrary.com/lib/rucke/Doc?id=11033531 _zAn electronic book accessible through the World Wide Web; click to view |
| 999 |
_c133470 _d133470 |
||